Practice Tests for IELTS = Bộ đề luyện thi IELTS nghe, nói, đọc, viết /

Sách gồm các bài luyện tập giúp bạn đọc thành công trong kỳ thi IELTS.

محفوظ في:
التفاصيل البيبلوغرافية
مؤلفون آخرون: Deakin, Greg (المحرر), Nguyễn Thành Yến (dịch.)
التنسيق: كتاب
اللغة:English
Vietnamese
منشور في: Tp.HCM : Nxb Tp.HCM, 2000.
الموضوعات:
الوسوم: إضافة وسم
لا توجد وسوم, كن أول من يضع وسما على هذه التسجيلة!
Thư viện lưu trữ: Mạng thư viện Đại học Đà Nẵng
LEADER 01380cam a22003731a 4500
001 000035639
003 11926
005 20190905094229.0
008 160318s2000 vm 000 eng
020 |c 20000 
040 |a lnn  |c lnn  |d lnn 
041 0 |a eng  |a vie 
082 1 4 |a 420  |b Pr-T 
245 0 0 |a Practice Tests for IELTS =  |b Bộ đề luyện thi IELTS nghe, nói, đọc, viết /  |c Editor: Greg Deakin ; Nguyễn Thành Yến dịch. 
246 0 1 |a Bộ đề luyện thi IELTS nghe, nói, đọc, viết. 
260 |a Tp.HCM :  |b Nxb Tp.HCM,  |c 2000. 
300 |a 165tr. ;  |c 20.5cm. 
520 3 |a Sách gồm các bài luyện tập giúp bạn đọc thành công trong kỳ thi IELTS. 
630 0 4 |a Anh ngữ. 
630 0 4 |a English language. 
630 0 4 |a IELTS Tests. 
650 0 4 |a English language  |x Tests. 
700 1 |a Deakin, Greg,  |e editor. 
700 1 |a Nguyễn Thành Yến,  |e dịch. 
OWN |a LNN 
AVA |a UDN50  |b LNN  |c English  |d 420 Pr-T  |e available  |t Error 5001 Not defined in file expand_doc_bib_avail.  |f 2  |g 1  |h N  |i 0  |j AN 
999 |a From the UDN01 
AVA |a UDN50  |b LNN  |c English  |d 420 Pr-T  |e available  |t Error 5001 Not defined in file expand_doc_bib_avail.  |f 2  |g 1  |h N  |i 0  |j AN 
TYP |a Monograph 
TYP |a Printed language 
980 |a Mạng thư viện Đại học Đà Nẵng